[Event "EYb16"]
[Site "Herceg Novi SCG"]
[Date "2005.09.14"]
[Round "1"]
[White "Edouard,R"]
[Black "Garbea,B"]
[Result "1-0"]
[WhiteElo "2334"]
[BlackElo "2119"]

1.e4 c5 2.Nf3 e6 3.d4 cxd4 4.Nxd4 Nc6 5.Nc3 Qc7 6.g3 Nf6 7.Bg2 Bb4 8.O-O O-O
9.a3 Bxc3 10.Nb5 Qb6 11.Nxc3 Ne5 12.Rb1 Rd8 13.Bg5 Neg4 14.h3 Qc5 15.Qd2 h6
16.Bf4 Ne5 17.b4 Qc7 18.Nb5 Qb6 19.Bxe5 Qxb5 20.Bxf6 gxf6 21.Qxh6 Qg5 22.Qxg5+ fxg5
23.e5 Rb8 24.f4 gxf4 25.Rxf4 d5 26.Rbf1 Rd7 27.Rh4 Rc7 28.Rff4 Rxc2 29.Rfg4+ Kf8
30.Rh8+ Ke7 31.Rgg8 b6 32.Rd8 f6 33.Rhe8+ Kf7 34.Rf8+  1-0

[Event "EYb18"]
[Site "Herceg Novi SCG"]
[Date "2005.09.15"]
[Round "2"]
[White "Moranda,W"]
[Black "Mijovic,S"]
[Result "1-0"]
[WhiteElo "2453"]
[BlackElo "2135"]

1.e4 c5 2.Nc3 Nc6 3.Nf3 e6 4.d4 cxd4 5.Nxd4 d6 6.Be3 Nf6 7.Qe2 a6 8.O-O-O Qc7
9.g4 Nxd4 10.Rxd4 b5 11.g5 Nd7 12.f4 Bb7 13.Rg1 Nc5 14.f5 O-O-O 15.Kb1 Kb8
16.Bh3 g6 17.Rgd1 gxf5 18.exf5 Bg7 19.f6 Bf8 20.Bf4 Bc6 21.Bg3 Ka7 22.Qe3 Ka8
23.R4d2 Rd7 24.a3 Qd8 25.b4 Na4 26.Nxa4 bxa4 27.Bf1 Bb7 28.c4 a5 29.c5  1-0

[Event "6th YM"]
[Site "Lausanne SUI"]
[Date "2005.09.15"]
[Round "1.2"]
[White "Paehtz,E"]
[Black "Volokitin,And"]
[Result "0-1"]
[WhiteElo "2421"]
[BlackElo "2671"]

1.e4 c5 2.Nf3 e6 3.d4 cxd4 4.Nxd4 Nc6 5.Nc3 a6 6.Nxc6 bxc6 7.Bd3 d5 8.O-O Nf6
9.Re1 Be7 10.Bf4 O-O 11.Qf3 a5 12.exd5 exd5 13.Na4 Be6 14.b3 Re8 15.h3 Nd7
16.Qg3 Bh4 17.Qe3 h6 18.Rad1 Qf6 19.Bd6 Bg5 20.f4 Bh4 21.g3 Bf5 22.Be7 Bxd3
23.Bxf6 Rxe3 24.Rxe3 Bxc2 25.Bxh4 Bxd1 26.g4 Bc2 27.Be1 d4 28.Re7 Nf6 29.Nb6 Ra6
30.Nd7 Nxd7 31.Rxd7 d3 32.Rd8+ Kh7 33.Rd7 a4 34.b4 f6 35.a3 Ra8 36.Bc3 Kg8
37.Re7 Kf8 38.Re6 Rc8 39.Kf2 Kf7 40.Rd6 Re8 41.Rd7+ Kf8 42.b5 Re2+ 43.Kf3 cxb5
44.Bb4+ Ke8 45.Rd5 g5 46.fxg5 hxg5 47.Rd6 Kf7 48.Rd7+ Ke6 49.Rd8 Rh2 50.Kg3 Rh1
51.Rd6+ Ke5 52.Rd8 Rb1 53.Bc5 b4 54.axb4 a3 55.Bd4+ Ke6  0-1

[Event "EYb18"]
[Site "Herceg Novi SCG"]
[Date "2005.09.16"]
[Round "3"]
[White "Galic,I"]
[Black "Vitiugov,N"]
[Result "0-1"]
[WhiteElo "2167"]
[BlackElo "2519"]

1.e4 c5 2.Nf3 e6 3.d4 cxd4 4.Nxd4 Nc6 5.Nc3 Qc7 6.Be2 a6 7.O-O Nf6 8.Kh1 Nxd4
9.Qxd4 Bc5 10.Qd3 b5 11.f4 Bb7 12.Bf3 O-O 13.e5 Ne8 14.Ne4 Be7 15.Be3 Rd8
16.a4 bxa4 17.Rxa4 d6 18.Bd4 dxe5 19.Bxe5 Rxd3 20.Bxc7 Rxf3 21.Rxf3 Nxc7
22.Rd3 Nd5 23.Nc3 Rc8 24.Nxd5 Bxd5 25.Rd2 Rc6 26.b3 Bxb3  0-1

[Event "6th YM"]
[Site "Lausanne SUI"]
[Date "2005.09.16"]
[Round "2.1"]
[White "Carlsen,M"]
[Black "Paehtz,E"]
[Result "1/2-1/2"]
[WhiteElo "2528"]
[BlackElo "2421"]

1.e4 c5 2.Nf3 e6 3.d4 cxd4 4.Nxd4 Nc6 5.Nc3 Qc7 6.Be3 a6 7.Bd3 Nf6 8.O-O b5
9.Nxc6 Qxc6 10.f3 Bb7 11.Kh1 Bc5 12.Bxc5 Qxc5 13.Qe1 d6 14.a4 bxa4 15.Nxa4 Qc7
16.Ra3 O-O 17.Qc3 Bc6 18.Rfa1 Rfb8 19.b3 Qd7 20.Qd4 e5 21.Qe3 Qb7 22.Nc3 a5
23.Bc4 Qb4 24.R3a2 g6 25.Kg1 Kg7 26.h3 h5 27.h4 Rb7 28.Na4 Rbb8 29.Nb2 Nd7
30.c3 Qc5 31.Kf2 f5 32.Nd3 Qxe3+ 33.Kxe3 fxe4 34.fxe4 Nf6 35.Nf2 d5 36.exd5 Bxd5
37.Rxa5 Bxg2 38.Nd3 Ng4+ 39.Ke2 Rf8 40.Rxa8 Rxa8 41.Rxa8 Bxa8 42.b4 g5 43.hxg5 Kg6
44.Be6 e4 45.Nc5 Kxg5 46.c4 h4 47.Bd5 Bxd5 48.cxd5 h3 49.Nxe4+ Kf4 50.Nf2  1/2-1/2

[Event "80th ch-ARG"]
[Site "Los Polvorines ARG"]
[Date "2005.09.16"]
[Round "9"]
[White "Alonso,S"]
[Black "Duarte,L"]
[Result "1-0"]
[WhiteElo "2457"]
[BlackElo "2317"]

1.e4 c5 2.Nf3 e6 3.d4 cxd4 4.Nxd4 Nc6 5.Nc3 Qc7 6.Be2 a6 7.O-O Nf6 8.Kh1 b5
9.Nxc6 dxc6 10.f4 Bb7 11.e5 Rd8 12.Qe1 Nd5 13.Nxd5 cxd5 14.Bd3 g6 15.Bd2 Bc5
16.a4 bxa4 17.Ba5 Bb6 18.Bxb6 Qxb6 19.Rxa4 O-O 20.Qb4 Qc6 21.Qd4 h5 22.Ra3 Ra8
23.Rc3 Qd7 24.f5 exf5 25.Bxf5 Qe7 26.Rg3 Bc8 27.Bd3 Bb7 28.Rf6 Rae8 29.e6  1-0

[Event "4NCL 2006-07"]
[Site "Sunningdale ENG"]
[Date "2005.09.16"]
[Round "1"]
[White "Rayner,F"]
[Black "Kahar,K"]
[Result "1-0"]
[WhiteElo "2237"]
[BlackElo "2220"]

1.e4 c5 2.Nf3 Nc6 3.d4 cxd4 4.Nxd4 e6 5.Nc3 a6 6.Nxc6 bxc6 7.Bd3 d5 8.O-O Nf6
9.Re1 Bb7 10.Bf4 d4 11.Na4 Qa5 12.c3 dxc3 13.Qb3 Qb4 14.Qxb4 Bxb4 15.bxc3 Ba5
16.Rab1 Nh5 17.Bd6 Bc8 18.Nb6 Bxb6 19.Rxb6 Kd7 20.e5 Nf4 21.Be4 Nd5 22.Rb3 a5
23.c4 Ne7 24.Bxe7 Kxe7 25.Bxc6 Ra7 26.Rd1 Rd8 27.Rxd8 Kxd8 28.Kf1 Kc7 29.Be4 Ba6
30.Ke1 h6 31.Kd2 f5 32.exf6 gxf6 33.Rh3 Kd6 34.Bd3 Rg7 35.g3 Kc5 36.Rxh6 Kb4
37.Rxf6 Rd7 38.Kc2 a4 39.Rxe6 Rxd3 40.Rb6+ Kc5 41.Rxa6 Rf3 42.Rxa4 Rxf2+
43.Kd3  1-0

[Event "ProMoPro Open"]
[Site "Prague CZE"]
[Date "2005.09.17"]
[Round "3"]
[White "Palas,A"]
[Black "Chalupa,I"]
[Result "0-1"]
[WhiteElo "2041"]
[BlackElo "2179"]

1.e4 c5 2.Nf3 Nc6 3.Nc3 e6 4.d4 cxd4 5.Nxd4 d6 6.g3 Nf6 7.Bg2 Nxd4 8.Qxd4 Be7
9.O-O e5 10.Qd3 Be6 11.Nd5 Bxd5 12.exd5 O-O 13.c4 Nd7 14.Be3 Bg5 15.f4 exf4
16.gxf4 Bf6 17.Rf2 Re8 18.Bd4 Qa5 19.Bh3 Bxd4 20.Qxd4 Nf6 21.Bf5 Re7 22.a3 Qb6
23.Qxb6 axb6 24.Rf3 g6 25.Bd3 Rae8 26.Raf1 Kg7 27.h3 Nh5 28.f5 f6 29.fxg6 hxg6
30.R1f2 f5 31.Rg2 Kh6 32.h4 Nf6 33.Bc2 Ng4 34.Bd3 Kh5 35.Bf1 Re1 36.Rb3 Kxh4
37.Rxb6 Rc1 38.Rxb7 Ree1 39.Rh7+ Kg5 40.Rf2  0-1

[Event "ProMoPro Open"]
[Site "Prague CZE"]
[Date "2005.09.18"]
[Round "4"]
[White "Pechoc,B"]
[Black "Kubikova,H"]
[Result "0-1"]
[WhiteElo "1960"]
[BlackElo "2125"]

1.e4 c5 2.Nf3 Nc6 3.Nc3 e6 4.d4 cxd4 5.Nxd4 Nf6 6.Nxc6 bxc6 7.e5 Nd5 8.Nxd5 exd5
9.Qe2 Qb6 10.c3 a5 11.Be3 Qc7 12.f4 Be7 13.Qc2 d6 14.exd6 Bxd6 15.Qd2 Bf5
16.g3 Qe7 17.O-O-O Be4 18.Rg1 Rb8 19.Qd4 O-O 20.Bd3 c5 21.Qa4 Bxd3 22.Rxd3 c4
23.Rd2 Qxe3 24.Rd1 d4 25.Qxc4 dxc3 26.Qxc3 Rbc8 27.Qxc8 Rxc8+ 28.Kb1 Bb4  0-1

[Event "ProMoPro Open"]
[Site "Prague CZE"]
[Date "2005.09.19"]
[Round "5"]
[White "Krivanek,V"]
[Black "Pechoc,B"]
[Result "1/2-1/2"]
[WhiteElo "2078"]
[BlackElo "1960"]

1.e4 c5 2.Nc3 Nc6 3.Nge2 e6 4.d4 cxd4 5.Nxd4 Nf6 6.Be2 Bb4 7.Bg5 Qa5 8.Bxf6 Bxc3+
9.Kf1 gxf6 10.bxc3 Qxc3 11.Nb5 Qe5 12.Rb1 Ke7 13.Qd3 a6 14.Qa3+ d6 15.Rd1 Rd8
16.h4 Qc5 17.Rh3 Qxa3 18.Nxa3 b5 19.Rg3 Ne5 20.h5 b4 21.f4 bxa3 22.fxe5 fxe5
23.Rb1 Ra7 24.Rbb3 h6 25.Rxa3 d5 26.Rae3 Rc7 27.Bd3 Kd6 28.Rg7 f5 29.Rxc7 Kxc7
30.exd5 e4 31.Bc4 exd5 32.Bb3 d4 33.Rg3 f4 34.Rg6 Rd6 35.Ke2 Bf5 36.Rg8 Rf6
37.Bc4 Rc6 38.Bb3 a5 39.Rf8 Bg4+ 40.Ke1 f3 41.gxf3 Bxf3 42.Rf5 Kb6 43.Kf2 Bd1
44.Rd5 e3+ 45.Ke1 Bxc2 46.Rxd4 Bf5 47.Ke2 Rc3 48.Rd6+ Kc7 49.Rd4 Kc6 50.Rf4 Bc8
51.Rf6+ Kc5 52.Kf3 Bd7 53.Rxh6 Bb5 54.Re6 e2+ 55.Kf2 Rh3 56.Re5+ Kb4 57.Bd5 Rh2+
58.Ke1 a4 59.Bf3 Bc4 60.Re4 Kc3 61.Re3+ Kb2 62.Re4 Bb3 63.axb3 a3 64.Ra4 Kxb3  1/2-1/2

[Event "EYb18"]
[Site "Herceg Novi SCG"]
[Date "2005.09.20"]
[Round "6"]
[White "Velchev,H"]
[Black "Stopa,Ja"]
[Result "1/2-1/2"]
[WhiteElo "2212"]
[BlackElo "2460"]

1.e4 c5 2.Nf3 Nc6 3.Nc3 e6 4.d4 cxd4 5.Nxd4 Nf6 6.g3 Qb6 7.Nb3 d6 8.Bg2 Be7
9.O-O O-O 10.Qe2 a6 11.a4 Qc7 12.f4 Re8 13.Be3 b6 14.h3 Bb7 15.Qf2 Nd7 16.Rad1 Rac8
17.g4 Bf8 18.g5 Nc5 19.Nd4 Nb4 20.f5 exf5 21.exf5 Bxg2 22.Kxg2 d5 23.Bf4 Qd7
24.f6 g6 25.Rfe1 Rxe1 26.Rxe1 Nxa4 27.Nxa4 Qxa4 28.b3 Qd7 29.Re2 b5 30.Qf3 Na2
31.Bd2 b4 32.Re5 Rc5 33.Qe2 a5 34.Re8 Rc8 35.Rxc8 Qxc8 36.Qb5 Nc3 37.Bxc3 Qxc3
38.Qxd5 Qd2+ 39.Kg3 h6 40.h4 Qd1 41.Kf2 Qd2+ 42.Kg3 Qc3+ 43.Kg2 Bc5 44.Qd8+ Bf8
45.Qd5 Qe1 46.Kh3 Qf2 47.Nf3 hxg5 48.hxg5 Qxc2 49.Ne5 Qc8+ 50.Kh4 Qe8 51.Nxg6 a4
52.Nxf8 a3 53.Ng6 Qe1+ 54.Kg4 Qe2+ 55.Kh4 Qe1+ 56.Kh5 Qe2+  1/2-1/2

[Event "Caissa IM September"]
[Site "Kecskemet HUN"]
[Date "2005.09.21"]
[Round "7"]
[White "Hardarson,R"]
[Black "Kragelj,I"]
[Result "1/2-1/2"]
[WhiteElo "2361"]
[BlackElo "2230"]

1.e4 c5 2.Nf3 Nc6 3.d4 cxd4 4.Nxd4 e6 5.Nc3 Qc7 6.g3 a6 7.Bg2 Nf6 8.O-O Nxd4
9.Qxd4 Bc5 10.Bf4 d6 11.Qd3 Nd7 12.Na4 e5 13.Bc1 Bd4 14.c3 Ba7 15.b3 b5 16.Nb2 Bb7
17.Be3 Bxe3 18.Qxe3 O-O 19.Rfd1 Rfd8 20.Rac1 Rab8 21.Nd3 Nb6 22.f4 exf4 23.Nxf4 Nd7
24.c4 b4 25.h3 Nc5  1/2-1/2

[Event "ProMoPro Open"]
[Site "Prague CZE"]
[Date "2005.09.22"]
[Round "8"]
[White "Cernousek,L"]
[Black "Kuba,J"]
[Result "1-0"]
[WhiteElo "2375"]
[BlackElo "2206"]

1.e4 c5 2.Nf3 e6 3.d4 cxd4 4.Nxd4 Nc6 5.Nc3 Nf6 6.Ndb5 d6 7.Bf4 e5 8.Bg5 a6
9.Na3 b5 10.Bxf6 gxf6 11.Nd5 f5 12.Bd3 Be6 13.c3 Bg7 14.Nxb5 Bxd5 15.exd5 Ne7
16.Na3 e4 17.Bc4 O-O 18.O-O f4 19.Qe2 f5 20.f3 Ng6 21.fxe4 fxe4 22.Qxe4 Qb6+
23.Rf2 Rae8 24.Qc2 Ne5 25.Kh1 Ng4 26.Rf3 Re3 27.Raf1 Rxf3 28.Rxf3 Re8 29.Qd2 Bh6
30.h3 Ne5 31.Rf1 Re7 32.Qf2 Qc7 33.Bxa6 Rg7 34.Be2 Rg3 35.Nb5 Qb7 36.Nxd6 Qxd5
37.Nf5 Rxh3+ 38.Kg1 Qf7 39.Nxh6+ Rxh6 40.Qxf4  1-0

[Event "4th Kesarovski - Georgiev Memorial"]
[Site "Sunny Beach BUL"]
[Date "2005.09.22"]
[Round "7"]
[White "Radulski,J"]
[Black "Savchenko,S"]
[Result "1/2-1/2"]
[WhiteElo "2502"]
[BlackElo "2506"]

1.e4 c5 2.Nc3 Nc6 3.Nf3 e6 4.d4 cxd4 5.Nxd4 a6 6.Nxc6 bxc6 7.Bd3 d5 8.O-O Nf6
9.Qe2 Be7 10.e5 Nd7  1/2-1/2

[Event "4th Kesarovski - Georgiev Memorial"]
[Site "Sunny Beach BUL"]
[Date "2005.09.22"]
[Round "7"]
[White "Kozhuharov,S"]
[Black "Iotov,V"]
[Result "0-1"]
[WhiteElo "2391"]
[BlackElo "2447"]

1.e4 c5 2.Nf3 e6 3.d4 cxd4 4.Nxd4 Nc6 5.Nc3 Qc7 6.Be3 a6 7.Qd2 Nf6 8.O-O-O Bb4
9.f3 Ne5 10.Nb3 b5 11.Bd4 Be7 12.Qf2 d6 13.Kb1 O-O 14.g4 Nfd7 15.Rg1 b4 16.Na4 a5
17.f4 Nc6 18.Be3 Ba6 19.Bxa6 Rxa6 20.g5 Qb7 21.Qe2 Rc8 22.Nd2 Na7 23.Qd3 Qc6
24.Bxa7 Rxa7 25.b3 Nc5 26.Nxc5 Qxc5 27.Qc4 d5 28.exd5 exd5 29.Qxc5 Bxc5 30.Rge1 Bd6
31.Nf3 Bxf4 32.Rxd5 h6 33.h4 hxg5 34.hxg5 Rac7 35.Rf5 Bg3 36.Re2 Rc5 37.Rxc5 Rxc5
38.Rg2 Bc7 39.a3 Rf5 40.Nd2 Be5 41.Ka2 Kh7 42.axb4 axb4 43.g6+ fxg6 44.c4 bxc3
45.Nc4 Bf6 46.Kb1 Rf1+ 47.Kc2 Ra1 48.Rh2+ Kg8 49.Kd3 g5 50.Ne3 Rb1 51.Kc4 Rb2
52.Rh1 Re2 53.Kd3 Rd2+ 54.Kc4 Rd4+ 55.Kb5 Re4 56.Nd5 g4 57.Rc1 g3 58.Nxc3 Re3
59.Nd5 Rxb3+ 60.Kc4 Rf3 61.Rg1 Kh7 62.Nb4 Kg6 63.Kd5 Kf5 64.Nc6  0-1

[Event "EYb18"]
[Site "Herceg Novi SCG"]
[Date "2005.09.23"]
[Round "9"]
[White "Laznicka,V"]
[Black "Vitiugov,N"]
[Result "1/2-1/2"]
[WhiteElo "2517"]
[BlackElo "2519"]

1.e4 c5 2.Nf3 e6 3.d4 cxd4 4.Nxd4 Nc6 5.Nc3 Qc7 6.g3 a6 7.Bg2 Nf6 8.O-O d6
9.Re1 Rb8 10.Nxc6 bxc6 11.e5 dxe5 12.Rxe5 Bd6 13.Re1 O-O 14.b3 c5 15.Bb2 Rd8
16.Qe2 Bb7 17.Bxb7 Qxb7 18.Rad1 Be7 19.Na4 Qc6 20.c4 Rbc8 21.Bc3 h6 22.h4 Rxd1
23.Rxd1 Rd8 24.Rxd8+ Bxd8 25.Qe3 Nd7 26.Nb2 Bf6 27.Bxf6 Nxf6 28.Nd3 Nd7 29.Ne5 Nxe5
30.Qxe5 Qb6 31.Qc3 h5 32.a3 a5 33.Kf1 g6 34.Ke2 Kf8 35.Kd2 Ke7 36.Kc2 Ke8
37.Kd3 Ke7 38.Ke3 Qb7 39.Kf4 f6 40.Ke3 e5 41.Kd2 Qd7+ 42.Ke1 Qb7 43.Qxa5 Qe4+  1/2-1/2

[Event "Open A"]
[Site "Hamburg GER"]
[Date "2005.10.01"]
[Round "1"]
[White "Kjetzae,J"]
[Black "Perunovic,Mil"]
[Result "0-1"]
[WhiteElo "2092"]
[BlackElo "2514"]

1.e4 c5 2.Nf3 e6 3.d4 cxd4 4.Nxd4 Nc6 5.Nc3 Qc7 6.Be3 a6 7.Qd2 Nf6 8.O-O-O Bb4
9.f3 Ne5 10.Nb3 b5 11.Bd4 Bb7 12.Qe1 Be7 13.Qg3 d6 14.a3 O-O 15.f4 Nxe4 16.Nxe4 Bxe4
17.Bc3 Ng6 18.h4 d5  0-1

[Event "Belgrade Premier League"]
[Site "Belgrade SCG"]
[Date "2005.10.02"]
[Round "2"]
[White "Govedarica,R"]
[Black "Krnic,Z"]
[Result "1/2-1/2"]
[WhiteElo "2418"]
[BlackElo "2369"]

1.e4 c5 2.Nf3 Nc6 3.d4 cxd4 4.Nxd4 e6 5.Nc3 a6 6.Be2 Nge7 7.f4 b5 8.Bf3 Nxd4
9.Qxd4 Bb7 10.Be3 Nc6 11.Qd2 Na5 12.b3 Qc7 13.Ne2 Be7 14.O-O O-O 15.Bd4 Rac8
16.Qe3 Nc6 17.Bb6 Qb8 18.c3 d6 19.Qf2 Bf6 20.Rad1 Ne7 21.Rd3 e5 22.Rfd1 exf4
23.Rxd6 Be5 24.Rd7 Rfe8 25.h4 Ng6 26.h5 Nf8 27.R7d3 Ne6 28.h6 Ng5 29.Ba7 Qa8
30.Bd4 Bxe4 31.Bxe4 Qxe4 32.Bxe5 Qxe5 33.Qxf4 Qxf4 34.Nxf4 gxh6 35.Rd6 Ne4
36.Rxa6 Nxc3 37.Rd3 Ne2+ 38.Nxe2 Rxe2 39.Rxh6 Rxa2 40.Rg3+ Kh8 41.Rb6 Rg8
42.Kh2 Rg6 43.Rb8+ Kg7 44.Rxb5 Rb2 45.Kh3 f5 46.Rb7+ Kf6 47.Rb6+ Kf7 48.Rgxg6 hxg6
49.Kg3 g5 50.Kf3 Ke7 51.g3 Kd7 52.g4 fxg4+  1/2-1/2

[Event "Belgrade Premier League"]
[Site "Belgrade SCG"]
[Date "2005.10.02"]
[Round "2"]
[White "Zivkovic,S"]
[Black "Lazovic,G"]
[Result "1-0"]
[WhiteElo "2280"]
[BlackElo "2380"]

1.e4 c5 2.Nf3 Nc6 3.d4 cxd4 4.Nxd4 e6 5.Nc3 Nf6 6.Ndb5 d6 7.Bf4 e5 8.Bg5 a6
9.Na3 Be7 10.Nc4 Nd4 11.Bxf6 Bxf6 12.Nd5 b5 13.Ncb6 Rb8 14.Nxc8 Rxc8 15.c3 Nc6
16.a4 bxa4 17.Bxa6 O-O 18.Bxc8 Qxc8 19.Nxf6+ gxf6 20.Qxd6 Qa6 21.Qxf6 Qc4
22.h4 Qxe4+ 23.Kf1 Re8 24.Rh3 Re6 25.Rg3+ Kf8 26.Qg7+ Ke8 27.Rf3 Qg6 28.Qxg6 hxg6
29.Rxa4 Ke7 30.Rd3 f5 31.Ra6 e4 32.Rd5 Rd6 33.Rxd6 Kxd6 34.Ke2 Kd5 35.Rxc6 Kxc6  1-0

[Event "Open A"]
[Site "Hamburg GER"]
[Date "2005.10.03"]
[Round "3"]
[White "Sebastian,D"]
[Black "Perunovic,Mil"]
[Result "0-1"]
[WhiteElo "2362"]
[BlackElo "2514"]

1.e4 c5 2.Nf3 Nc6 3.Nc3 e6 4.d4 cxd4 5.Nxd4 Qc7 6.g3 a6 7.Bg2 Nf6 8.O-O Bc5
9.Nxc6 dxc6 10.Na4 Ba7 11.c4 b5 12.e5 Nd7 13.Nc3 b4 14.Ne4 Nxe5 15.Bf4 O-O
16.Qh5 f6 17.Bxe5 Qxe5 18.Qxe5 fxe5 19.c5 Rd8 20.Rfd1 Rd5 21.Rac1 a5 22.Bf1 Bd7
23.Bc4 Rc8 24.Kg2 Rd4 25.Rxd4 exd4 26.Rd1 Kf8 27.Rxd4 Ke7 28.f4 h6 29.Rd2 Rf8
30.Bb3 Rf5 31.Re2 g5 32.fxg5 hxg5 33.a3 Re5 34.Kf3 bxa3 35.bxa3 Be8 36.Nd6 Bxc5
37.Nc8+ Kd8  0-1

[Event "It B"]
[Site "Stepanakert ARM"]
[Date "2005.10.03"]
[Round "2"]
[White "Lopez Martinez,J"]
[Black "Grigoriants,S RUS"]
[Result "0-1"]
[WhiteElo "2505"]
[BlackElo "2539"]

1.e4 c5 2.Nf3 e6 3.d4 cxd4 4.Nxd4 Nc6 5.Nc3 d6 6.h3 a6 7.Be3 Nf6 8.g4 Be7
9.Bg2 Nd7 10.Qe2 O-O 11.O-O Qc7 12.Rfd1 Nce5 13.Bc1 Re8 14.a4 Bf8 15.Qd2 b6
16.b3 Bb7 17.Bb2 Rad8 18.Qf4 Ng6 19.Qg3 Be7 20.g5 Qc5 21.h4 Qe5 22.Nf3 Qxg3
23.fxg3 Rc8 24.Nd4 Rc7 25.Nde2 Rec8 26.Rd2 Nge5 27.Rad1 g6 28.Rf1 Kg7 29.Bh3 h6
30.gxh6+ Kxh6 31.Rdd1 Nf6 32.Rf4 Nh5 33.Rf2 Nxg3 34.Nxg3 Rxc3 35.Bxc3 Rxc3
36.Kh2 Bxh4 37.Rg2 Nf3+ 38.Kh1 Ne5 39.Kh2 d5 40.Ne2 Re3 41.Ng1 dxe4 42.Re2 Rc3
43.Kh1 Be7 44.Bg2 f5 45.Red2 Ng4 46.Re2 Bd5 47.Nh3 Bc5 48.Rdd2 Be3 49.Rd1 f4  0-1

[Event "Autumn 4"]
[Site "Alushta UKR"]
[Date "2005.10.04"]
[Round "12"]
[White "Belikov,V"]
[Black "Zakhartsov,V"]
[Result "0-1"]
[WhiteElo "2519"]
[BlackElo "2534"]

1.e4 c5 2.Nc3 e6 3.Nf3 Nc6 4.d4 cxd4 5.Nxd4 Qc7 6.Nb3 a6 7.Bd3 Nf6 8.O-O b5
9.f4 d6 10.Qf3 Bb7 11.Be3 Be7 12.Qh3 O-O 13.Kh1 Rfe8 14.Rae1 Nb4 15.a3 Nxd3
16.cxd3 Nd7 17.Nd4 Nc5 18.Rd1 Bf6 19.f5 Qe7 20.Nf3 Rac8 21.Bxc5 Rxc5 22.d4 Rc4
23.fxe6 fxe6 24.Rfe1 b4 25.axb4 Rxb4 26.Re2 g6 27.Qg3 Bg7 28.Qe1 Rc4 29.Qd2 Rf8
30.Qd3 Rcc8 31.d5 e5 32.Na2 Rf7 33.Qe3 Qf8 34.Qb3 Bh6 35.Rf2 Kh8 36.Qd3 Qd8
37.Qb3 Qc7 38.Nc3 Qc5 39.Rff1 Rcf8 40.Na4 Qc7 41.Qc3 a5 42.Ra1 Ba6 43.Rfe1 Rb8
44.h3 Rb4 45.Qc6 Bb5 46.Qxc7 Rxc7 47.Nc3 Rxb2 48.Nd1 Re2 49.Rg1 a4 50.Ra3 Rec2
51.Ne3 R2c3 52.Rxc3 Rxc3 53.Ng4 Bc1 54.Ng5 Bxg5  0-1

[Event "Belgrade Premier League"]
[Site "Belgrade SCG"]
[Date "2005.10.04"]
[Round "4"]
[White "Prelevic,D"]
[Black "Krnic,Z"]
[Result "1/2-1/2"]
[WhiteElo "2299"]
[BlackElo "2369"]

1.e4 c5 2.Nf3 Nc6 3.d4 cxd4 4.Nxd4 e6 5.Nc3 a6 6.Be2 Nge7 7.f4 b5 8.Be3 Nxd4
9.Qxd4 Nc6 10.Qd2 Be7 11.O-O Qc7 12.Rad1 O-O 13.Kh1 d6 14.Bd3 Na5 15.Qf2 Nc4
16.Bc1 Bb7 17.Qg3 Bf6 18.Qh3 g6 19.f5 Qe7 20.Rde1 Rac8 21.Nd1 Rfe8 22.fxg6 fxg6
23.b3 Ne5 24.Ne3 Rf8 25.Ng4 Nxg4 26.Qxg4 Bc3 27.Bg5 Qd7 28.Rd1 Rxf1+ 29.Rxf1 Bg7
30.h4 Rf8 31.Rxf8+ Kxf8 32.h5 Qf7 33.hxg6 hxg6 34.Bf4 Ke7 35.Qg3 e5 36.Be3 Bf6
37.Kg1 Qh7 38.c4 Qh5 39.Qf3 Bc6 40.cxb5 axb5 41.Qxh5 gxh5 42.b4 Bh4 43.Kf1 Kf6
44.a3 Bg5 45.Bxg5+ Kxg5 46.g3 h4 47.gxh4+ Kxh4 48.Kf2 Kg4 49.Ke3 Kg5 50.Bf1  1/2-1/2

[Event "FSIMB October"]
[Site "Budapest HUN"]
[Date "2005.10.04"]
[Round "4"]
[White "Pachow,J"]
[Black "Erdei,A"]
[Result "1-0"]
[WhiteElo "2311"]
[BlackElo "2191"]

1.e4 c5 2.Nf3 Nc6 3.Nc3 e6 4.d4 cxd4 5.Nxd4 Nf6 6.Be2 Bb4 7.Qd3 d5 8.Nxc6 bxc6
9.e5 Nd7 10.Qg3 d4 11.a3 Qa5 12.Rb1 Bf8 13.b4 Qc7 14.Ne4 Qxe5 15.Qd3 a5 16.f4 Qd5
17.Bf3 Ba6 18.Qd1 Qa2 19.Rb2 Qxa3 20.Qxd4 axb4 21.Kf2 Bb5 22.c4 bxc3 23.Rxb5 Qa2+
24.Kg3 cxb5 25.Rd1 O-O-O 26.Nd6+ Bxd6 27.Qxd6 Qa7 28.Qc6+ Kb8 29.Be3 Nb6
30.Bxb6  1-0

[Event "Open A"]
[Site "Hamburg GER"]
[Date "2005.10.04"]
[Round "4"]
[White "Moeller,H"]
[Black "Ristic,Sr"]
[Result "1-0"]
[WhiteElo "2160"]
[BlackElo "1942"]

1.e4 c5 2.Nf3 e6 3.d4 cxd4 4.Nxd4 Nc6 5.Nc3 a6 6.Be3 Be7 7.Be2 d6 8.O-O Nf6
9.f4 Bd7 10.Bf3 Qc7 11.Qe1 e5 12.Nf5 Bxf5 13.exf5 O-O 14.Qg3 Nd4 15.fxe5 Nxf5
16.exf6 Nxg3 17.Nd5 Bxf6 18.Nxc7 Nxf1 19.Rxf1 Rac8 20.Nd5 Bd8 21.c3 Re8 22.Bf4 Rc6
23.Rd1 a5 24.Kf1 Re6 25.Bg4 Re4 26.Bf5 Rec4 27.Bd7 Rxf4+ 28.Nxf4 Rb6 29.Re1  1-0

[Event "Open A"]
[Site "Hamburg GER"]
[Date "2005.10.06"]
[Round "6"]
[White "Murdzia,P"]
[Black "Potkin,V"]
[Result "1/2-1/2"]
[WhiteElo "2448"]
[BlackElo "2555"]

1.e4 c5 2.Nf3 e6 3.d4 cxd4 4.Nxd4 Nc6 5.Nc3 Qc7 6.g3 a6 7.Bg2 d6 8.O-O Be7
9.Re1 Bd7 10.a4 Nf6 11.b3 O-O 12.Bb2 Rac8 13.Rc1 Rfd8 14.Na2 d5 15.exd5 Nxd5
16.Bxd5 exd5 17.Nxc6 Bxc6 18.Qg4 d4 19.Bxd4 Bf8 20.Be5 Qa5 21.c4 Re8 22.Bc3 Qb6
23.Nb4 h5 24.Qxh5 Bxb4 25.Bxg7 Kxg7 26.Qg5+  1/2-1/2

[Event "Open A"]
[Site "Hamburg GER"]
[Date "2005.10.06"]
[Round "6"]
[White "Becker,No"]
[Black "Raddatz,M"]
[Result "1-0"]
[WhiteElo "2197"]
[BlackElo "2046"]

1.e4 c5 2.Nf3 e6 3.d4 cxd4 4.Nxd4 Nc6 5.Nc3 Nf6 6.Ndb5 d6 7.Bf4 e5 8.Bg5 a6
9.Na3 b5 10.Nd5 Be7 11.Nxe7 Nxe7 12.Qd3 Be6 13.Rd1 d5 14.exd5 Nfxd5 15.c4 bxc4
16.Nxc4 f6 17.Bc1 O-O 18.Be2 Qc7 19.O-O Rfd8 20.Qa3 Nf5 21.Ne3 Nd4 22.Bc4 Qc6
23.Nxd5 Qxc4 24.Nb6 Ne2+ 25.Kh1 Rxd1 26.Rxd1 Qc2 27.Qd6 Re8 28.Be3 Nd4 29.Rc1 Qxb2
30.h3 Bxa2 31.Nd5 Qb7 32.Nc7 Nf5 33.Qa3 Bd5 34.Nxe8 Bxg2+ 35.Kh2 Qf3 36.Bc5 Qf4+
37.Kxg2 Nh4+ 38.Kf1 Nf3 39.Nd6 h5 40.Qe3  1-0

[Event "Open A"]
[Site "Hamburg GER"]
[Date "2005.10.06"]
[Round "6"]
[White "Czaeczine,A"]
[Black "Gorse,G"]
[Result "1-0"]
[WhiteElo "2186"]
[BlackElo "2022"]

1.e4 c5 2.Nf3 e6 3.d4 cxd4 4.Nxd4 Nc6 5.Nc3 d6 6.Be2 Nf6 7.Be3 Be7 8.Qd2 O-O
9.O-O-O d5 10.exd5 Nxd5 11.Nxd5 Qxd5 12.Nxc6 Qxc6 13.Bd4 Rd8 14.Qe3 Bd7 15.Bd3 Qa4
16.Kb1 Bc6 17.b3 Qa3 18.Bb2 Qc5 19.Qg3 Bf8 20.Bxh7+ Kxh7 21.Qh4+ Kg8 22.Rxd8 Rxd8
23.Qxd8 Be4 24.Qd2 Be7 25.f3  1-0

[Event "5th ch-Asian"]
[Site "Hyderabad IND"]
[Date "2005.10.06"]
[Round "1"]
[White "Dzhumaev,M"]
[Black "Sharma,D"]
[Result "1-0"]
[WhiteElo "2507"]
[BlackElo "2359"]

1.e4 c5 2.Nf3 e6 3.d4 cxd4 4.Nxd4 Nc6 5.Nc3 Qc7 6.Be3 a6 7.Be2 Nf6 8.O-O Bb4
9.Na4 O-O 10.c4 Bd6 11.g3 Nxe4 12.c5 Be5 13.Rc1 f5 14.f4 Bf6 15.Nf3 Rd8 16.Nb6 Rb8
17.Qb3 d5 18.cxd6 Rxd6 19.Rfd1 Bd7 20.Rxd6 Nxd6 21.Nxd7 Qxd7 22.Rd1 Be7 23.Bc4 Kh8
24.Bxe6 Qe8 25.Bb6 Ra8 26.Rxd6 Bxd6 27.Ng5 Nd8 28.Bxd8 Bc5+ 29.Kg2 h6 30.Nf7+ Kh7
31.Bxf5+ g6 32.Ne5 gxf5 33.Qxb7+ Be7 34.Qxe7+ Qxe7 35.Bxe7 Rc8 36.Ba3 Kg7
37.Kf3 Rc2 38.h4 h5 39.Nd3 Kf6 40.Nb4 Rc8 41.Nxa6 Ke6 42.Nb4 Rc7 43.b3 Rb7
44.Nc6 Kd5 45.Na5 Ra7 46.Nc4 Kd4 47.Bb2+ Kd3 48.a4 Kc2 49.Bd4 Rd7 50.Ne3+ Kxb3
51.Nxf5 Kxa4 52.Ke4 Kb3 53.Ng7  1-0

[Event "5th ch-Asian"]
[Site "Hyderabad IND"]
[Date "2005.10.06"]
[Round "1"]
[White "Ak,H"]
[Black "Wang Rui"]
[Result "1/2-1/2"]
[WhiteElo "2299"]
[BlackElo "2474"]

1.e4 c5 2.Nf3 e6 3.d4 cxd4 4.Nxd4 Nc6 5.Nc3 a6 6.Be3 Nge7 7.Be2 b5 8.O-O Nxd4
9.Bxd4 Nc6 10.Be3 Bb7 11.a4 b4 12.Nb1 Na5 13.Nd2 Be7 14.f4 O-O 15.Bd3 Qc7
16.Qh5 g6 17.Qh6 Rfc8 18.f5 Bf8 19.Qh4 d5 20.Rf3 Nc4 21.Rh3 h5 22.Nxc4 dxc4
23.fxg6 fxg6 24.Be2 Be7 25.Qf2 Rf8 26.Qg3 Qxg3 27.Rxg3 Bxe4 28.Bxc4 Kh7 29.Bb6 Bh4
30.Rh3 Bf6 31.Re3 Bd5 32.Bxd5 exd5 33.Rd1 Rac8 34.c3 bxc3 35.bxc3 Bxc3 36.Re7+ Kg8
37.Rd7 Rc4 38.a5 d4 39.Bxd4 Bxd4+ 40.R7xd4 Rxd4 41.Rxd4 Rf6 42.Rd7 Kf8 43.g3 Ke8
44.Rg7 Kf8 45.Rc7 Rf5 46.Rc6 Rxa5 47.Rxg6 Ke7 48.Kg2 Kf7  1/2-1/2

[Event "Belgrade Premier League"]
[Site "Belgrade SCG"]
[Date "2005.10.07"]
[Round "5"]
[White "Marinkovic,Sl"]
[Black "Rajkovic,Du"]
[Result "0-1"]
[WhiteElo "2409"]
[BlackElo "2484"]

1.e4 c5 2.Nf3 e6 3.d4 cxd4 4.Nxd4 Nc6 5.Nc3 Qc7 6.g3 a6 7.Bg2 Nf6 8.O-O d6
9.Re1 Nd7 10.Nxc6 bxc6 11.Na4 Bb7 12.c4 c5 13.f4 Be7 14.b3 O-O 15.Bb2 Bc6
16.Nc3 Bf6 17.Qd2 Bd4+ 18.Kh1 Nf6 19.Nd1 e5 20.Bxd4 exd4 21.Nf2 Rfe8 22.b4 Rab8
23.bxc5 dxc5 24.e5 Bxg2+ 25.Kxg2 Qc6+ 26.Kg1 Nd7 27.Nd3 Qe6 28.Rac1 Rec8
29.Qf2 Qf5 30.Qf3 h5 31.Kg2 Rb6 32.Qe4 g6 33.Qxf5 gxf5 34.Kf3 Kf8 35.h3 Ke7
36.Rg1 Rcb8 37.g4 hxg4+ 38.hxg4 fxg4+ 39.Rxg4 Rb1 40.Rxb1 Rxb1 41.f5 Rd1
42.Ke4 Rxd3  0-1

[Event "Belgrade Premier League"]
[Site "Belgrade SCG"]
[Date "2005.10.07"]
[Round "5"]
[White "Djordjevic,Dr"]
[Black "Lazovic,G"]
[Result "1-0"]
[WhiteElo "2240"]
[BlackElo "2380"]

1.e4 c5 2.Nf3 Nc6 3.d4 cxd4 4.Nxd4 e6 5.Nc3 a6 6.Be2 Nf6 7.O-O Be7 8.Kh1 Qc7
9.f4 d6 10.Be3 Nxd4 11.Bxd4 e5 12.Be3 b5 13.fxe5 dxe5 14.Nd5 Qd7 15.Rxf6 gxf6
16.Bc5 Bd8 17.Qf1 Qc6 18.b4 Rg8 19.c4 Be6 20.cxb5 Qc8 21.bxa6 Bxd5 22.exd5  1-0